La literatura: ¿el otro del nacionalismo? argumentos para una revisión /
Se señalan las maneras en que la literatura ha operado en espacios sociales distintos del nacionalismo, y ha empleado diferentes prácticas significantes. Se sostiene que la crítica literaria "canoniza" aquellos textos que no se limitan a legitimar, sin más, lo nacional. También se plantean...
Guardado en:
| Autor principal: | |
|---|---|
| Formato: | Texto |
| Materias: | |
| Etiquetas: |
Agregar Etiqueta
Sin Etiquetas, Sea el primero en etiquetar este registro!
|
MARC
| LEADER | 00000 a a2200000 04500 | ||
|---|---|---|---|
| 001 | 41477 | ||
| 003 | |||
| 040 | |||
| 100 | |a During, Simon | ||
| 245 | |a La literatura: |b ¿el otro del nacionalismo? argumentos para una revisión / |c Simon During | ||
| 520 | |a Se señalan las maneras en que la literatura ha operado en espacios sociales distintos del nacionalismo, y ha empleado diferentes prácticas significantes. Se sostiene que la crítica literaria "canoniza" aquellos textos que no se limitan a legitimar, sin más, lo nacional. También se plantean las relaciones entre ciertas zonas literarias y ciertas zonas nacionalistas mediante el efecto que tuvo la publicación de diversas novelas en sus respectivos países, especialmente Estados Unidos e Inglaterra. Finalmente, se describe cómo la novela poscolonial de las antiguas colonias parece tener menos fuerza y dirección que la que sus sociedades merecen. | ||
| 590 | |a EFU/AGOSTO2011 | ||
| 650 | |a 1.NACIONALISMO | ||
| 650 | |a 2.LITERATURA | ||
| 650 | |a 3.DESCOLONIZACION | ||
| 650 | |a 4.IDENTIDAD NACIONAL | ||
| 650 | |a 5.ESTUDIOS CULTURALES | ||
| 773 | |g páginas 187-207 | ||
| 999 | |c 36387 |d 36387 | ||
